000 00321nam a2200133Ia 4500
008 100328s9999 xx 000 0 und d
082 _b54941
100 _aAggrwala N.K.
245 _aFolk Tales Of India
260 _bBlackie & Son
630 _aFolk Tales Of India
730 _aFolk Tales Of India
942 _cBOOK
999 _c541643
_d541640